000 00983nam a22002177a 4500
005 20120911143647.0
010 _aB-483215
020 _a9780670085279
_c399.00
035 _aB-483215
037 _adpl
_bVirtuous Pub/Ven
082 _a330.954
100 _aTrautmann, Thomas R.
_952415
245 _aArthashastra:
_bthe science of wealth/
_cby Thomas R.Trautmann ; foreword by Gurcharan Das
260 _aNew Delhi
_bPenguin Books
_c2012
270 _a11 Community Centre,Panchsheel Park,
_bNew Delhi
_e110017
300 _axxiii 180p.
_c22cm (Hb)
490 _aThe story of Indian business/edited by Gurucharan Das
_952416
942 _2ddc
_cEN
_mTRA
_h330.954
999 _c69883
_d69883